01114 2200205 4500001002100000005001500021035002000036008004100056245003500097100002200132250000600154260003800160300001200198084001400210082000800224650001000232520064200242990001200884990001200896INLIS00000000000095720240531080826 a0010-0524000192240531 1 ind 1 aCundamanik /cIndah Darmastuti aDarmastuti, Indah a1 aYogyakarta :bSheila/ Andi,c2012 a230 hlm a813 IND c a813 4aFiksi aCunda merebahkan kepalanya pada suami yang mulai ia ragukan cinta dan kesetiaannya. Bukan tak mungkin Prajna akan mencari pelengkap kebahagiaan lain, ia terus membatin. Ia tak percaya ada lelaki sebaik Prajna, yang tetap mencintainya tatkala ia tak sanggup berikan apa yang seharusnya diterima Prajna sebagai suami. Jika ada seorang lelaki yang demikian baik, bahkan terlalu baik, ia pantas dicurigai. Demikian kesimpulan yang dulu sekali pernah ia buat bersama geng-nya semasa kuliah. Dan kini, yang mendekapnya mesra malam ini adalah lelaki maha baik. Adakah kesimpulan itu berlaku untuknya? Untuk suaminya? Cunda gelisah luar biasa. a0741668 a0741669